Welcome to CU Library Online Public Access Catalogue (OPAC)

Exploring public relations : (Record no. 4906)

MARC details
000 -LEADER
fixed length control field 00858cam a2200217 i 4500
001 - CONTROL NUMBER
control field 19402309
005 - DATE AND TIME OF LATEST TRANSACTION
control field 20250317180422.0
008 - FIXED-LENGTH DATA ELEMENTS--GENERAL INFORMATION
fixed length control field 161209s2017 enka b 001 0 eng
020 ## - INTERNATIONAL STANDARD BOOK NUMBER
International Standard Book Number 9781292112183
050 00 - LIBRARY OF CONGRESS CALL NUMBER
Classification number HM1221
Item number .T46 2017
082 00 - DEWEY DECIMAL CLASSIFICATION NUMBER
Classification number 659.2
Edition information 23
100 1# - MAIN ENTRY--PERSONAL NAME
Personal name Tench, Ralph,
Relator term author.
245 10 - TITLE STATEMENT
Title Exploring public relations :
Remainder of title global strategic communication /
Statement of responsibility, etc. Ralph Tench, Professor of Communication Education, Leeds Beckett University, Liz Yeomans, Principal Lecturer, Public Relations and Communication, Leeds Beckett University.
250 ## - EDITION STATEMENT
Edition statement Fourth Edition.
260 ## - PUBLICATION, DISTRIBUTION, ETC.
Place of publication, distribution, etc. Harlow
Name of publisher, distributor, etc. Pearson Education Limited
Date of publication, distribution, etc. 2017
300 ## - PHYSICAL DESCRIPTION
Extent xxix, 578 pages :
Other physical details color illustrations ;
Dimensions 26 cm
500 ## - GENERAL NOTE
General note Revised edition of Public relations, 2013.
650 #0 - SUBJECT ADDED ENTRY--TOPICAL TERM
Topical term or geographic name entry element Public relations.
700 1# - ADDED ENTRY--PERSONAL NAME
Personal name Yeomans, Liz,
Relator term author.
942 ## - ADDED ENTRY ELEMENTS (KOHA)
Source of classification or shelving scheme Library of Congress Classification
Koha item type Books
Edition 4th Ed.
Suppress in OPAC No
999 ## -
-- 4906
-- 4906
Holdings
Withdrawn status Lost status Source of classification or shelving scheme Damaged status Not for loan Collection Home library Current library Shelving location Date acquired Total checkouts Full call number Barcode Date last seen Copy number Price effective from Koha item type
    Library of Congress Classification     Non-fiction Business Library (Miotso) Business Library (Miotso) General stacks 03/17/2025   HM1221 .T46 2017 BSSM00001437 03/17/2025 1 03/17/2025 Books
    Library of Congress Classification     Non-fiction Business Library (Miotso) Business Library (Miotso) General stacks 03/17/2025   HM1221 .T46 2017 BSSM00001438 03/17/2025 2 03/17/2025 Books
    Library of Congress Classification     Non-fiction Business Library (Miotso) Business Library (Miotso) General stacks 03/17/2025   HM1221 .T46 2017 BSSM00001439 03/17/2025 3 03/17/2025 Books
    Library of Congress Classification     Non-fiction Business Library (Miotso) Business Library (Miotso) General stacks 03/17/2025   HM1221 .T46 2017 BSSM00001440 03/17/2025 4 03/17/2025 Books
© 2023-2024 Copyright: Central University Libraries. All Rights Reserved | Created by: Mahone Tech Office